ბათუმის შოთა რუსთაველის სახელმწიფო უნივერსიტეტის ბიბლიოთეკა

ეკონომიური სტატისტიკა. ნაწ. 1 / (ბიბ.ჩანაწერი № 64080)

000 -ლიდერი
ფიქსირებული სიგრძის საკონტროლო ველი 00996nam a22002057a 4500
003 - საკონტროლო ნომრის იდენტიფიკატორი
საკონტროლო ველი Ge_BSU
005 - ბოლო ოპერაციის თარიღი და დრო
საკონტროლო ველი 20260325110447.0
008 - ფიქსირებული სიგრძის მონაცემთა ელემენტები - ზოგადი ინფორმაცია
ფიქსირებული სიგრძის საკონტროლო ველი 260325s1949 ge ||||| |||| 00| 0 geo d
041 ## - ენის კოდი
Language code of text/sound track or separate title geo
080 ## - უნივერსალური ათობითი კლასიფიკაციის ინდექსი
Universal Decimal Classification number 31:33 ბ-51
100 ## - მთავარი ჩანაწერი - პიროვნების სახელი
Personal name ბერაძე, შ.
9 (RLIN) 27201
245 ## - ცნობა სათაურის შესახებ
Title ეკონომიური სტატისტიკა. ნაწ. 1 /
Statement of responsibility, etc შ. ბერაძე; [რედ.: ვ. პაპავა, გ. გამყრელიძე].
264 ## - წარმოების, გამოცემის, დისტრიბუციის და სხვა ცნობები
გამოცემის, წარმოების, დისტრიბუციის... ადგილი თბილისი :
გამოცემის, წარმოების, დისტრიბუციის... სახელწოდება სტალინის სახ. თბილ. უნ-ტის გამ-ბა და სტ.,
გამოცემის, წარმოების, დისტრიბუციის... თარიღი 1949.
300 ## - ფიზიკური აღწერა
Extent 184 გვ. ;
Other physical details 22 გვ.
504 ## - BIBLIOGRAPHY, ETC. NOTE
Bibliography, etc ბიბლიოგრაფია: გვ. 180-182.
653 ## - INDEX TERM--UNCONTROLLED
Uncontrolled term ეკონომიური სტატისტიკა.
700 ## - ADDED ENTRY--PERSONAL NAME
Personal name პაპავა, ვ.
Relator term რედაქტორი
9 (RLIN) 27202
700 ## - ADDED ENTRY--PERSONAL NAME
Personal name გამყრელიძე, გ.
Relator term რედაქტორი
9 (RLIN) 19256
942 ## - ADDED ENTRY ELEMENTS (KOHA)
Source of classification or shelving scheme
Koha item type წიგნი
ეგზემპლარები
ჩამოწერის სტატუსი დაკარგული ეგზემპლარის სტატუსი კლასიფიკაციის წყარო ან თაროზე გაწყობის სქემა დაზიანების სტატუსი არ გაიცემა მუდმივი მდებარეობა (დაცვის ადგილი) ამჟამინდელი ადგილსამყოფელი თაროზე განთავსების ადგილი შეძენის თარიღი ღირებულება, შესყიდვის ნორმალური ფასი სრული შენახვის შიფრი შტრიხკოდი ბოლო ოპერაციის თარიღი ეგზემპლარის მიმდევრობითი ნომერი (კეტერი?) ფასის ძალაში შესვლის თარიღი ეგზემპლარის სახეობა საჯარო შენიშვნა
          ბათუმის შოთა რუსთაველის სახელმწიფო უნივერსიტეტის მთავარი ბიბლიოთეკა ბათუმის შოთა რუსთაველის სახელმწიფო უნივერსიტეტის მთავარი ბიბლიოთეკა წიგნსაცავი 2026-03-25 0.84 31:33 ბ-51 74078 2026-03-25 74078 2026-03-25 წიგნი 0.84 თ.
          ბათუმის შოთა რუსთაველის სახელმწიფო უნივერსიტეტის მთავარი ბიბლიოთეკა ბათუმის შოთა რუსთაველის სახელმწიფო უნივერსიტეტის მთავარი ბიბლიოთეკა წიგნსაცავი 2026-03-25 0.84 31:33 ბ-51 74080 2026-03-25 74080 2026-03-25 წიგნი 0.84 თ.
          ბათუმის შოთა რუსთაველის სახელმწიფო უნივერსიტეტის მთავარი ბიბლიოთეკა ბათუმის შოთა რუსთაველის სახელმწიფო უნივერსიტეტის მთავარი ბიბლიოთეკა წიგნსაცავი 2026-03-25 0.84 31:33 ბ-51 74077 2026-03-25 74077 2026-03-25 წიგნი 0.84 თ.
          ბათუმის შოთა რუსთაველის სახელმწიფო უნივერსიტეტის მთავარი ბიბლიოთეკა ბათუმის შოთა რუსთაველის სახელმწიფო უნივერსიტეტის მთავარი ბიბლიოთეკა წიგნსაცავი 2026-03-25 0.84 31:33 ბ-51 74076 2026-03-25 74076 2026-03-25 წიგნი 0.84 თ.
          ბათუმის შოთა რუსთაველის სახელმწიფო უნივერსიტეტის მთავარი ბიბლიოთეკა ბათუმის შოთა რუსთაველის სახელმწიფო უნივერსიტეტის მთავარი ბიბლიოთეკა წიგნსაცავი 2026-03-25 0.84 31:33 ბ-51 74079 2026-03-25 74079 2026-03-25 წიგნი 0.84 თ.